Statistics for Warzone Operators First Language

Click here to take the quiz!

General Stats

  • This quiz has been taken 28 times
    (11 since last reset)
  • The average score is 14 of 22

Answer Stats

OperatorsOperator's Home CountriesLanguage% Correct
Lucas, Snoop, Daniel, Wade, Florence, Mateo, Arthur, Francis, Isabella, Lewis, Adler, Baker, Bulldozer, Hudson, Hunter, Lazar, Mason, Park, Sims, Stryker, Wolf, Woods, Knight, Powers, Stone, Syd, Alice, D-Day, Griggs, Raines, Sparks, Azur, Grinch, Mace, Zane, Charly, Gaz, Ghost, Otter, Price, Soap, Thorne, Lerch, Roza, Velikan, Alex, Talon, Wyatt, Rambo, McClane, Butcher, Callum, Gabriel, and RoninAustralia, United States, United Kingdom, Philippines, Israel, Ireland, Egypt, Democratic Republic of the Congo, Nigeria, and CanadaEnglish
100%
Roland, Constanze, Anna, Maxis, Beck, and GolemLuxembourg, Germany, and AustriaGerman
88%
MorteItalyItalian
88%
Kim and SongSouth KoreaKorean
88%
Polina, Weaver, Stitch, Antonov, Portnova, Iskra, Nikolai, Bale, Minotaur, Nikto, and RodionRussia and UrzikstanRussian
88%
HalimaSomaliaSomali
88%
Salah, Iskra, Khaled, and AzurEgypt and UrzikstanArabic
75%
SolangeNetherlandsDutch
75%
Beatrice, Thomas, Zeyna, and DominoFrance, Canada, SenegalFrench
75%
Shigenori and KitsuneJapanJapanese
75%
WraithNorwayNorwegian
75%
GustavoBrazilPortuguese
75%
Rivas, Fuze, Garcia, Vargas, Raul, and MaraNicaragua, Spain, Cuba, Colombia, and VenezuelaSpanish
75%
YegorUkraineUkrainian
75%
PadmavatiIndiaHindi
63%
NagaLaosLao
63%
SeraphSingaporeMandarin (Chinese)
50%
Farah and KhaledUrzikstanUrzikstani
25%
ZaneNigeriaHausa
13%
IkennaNigeriaYoruba
13%
KruegerAustriaBavarian
0%
JackalSouth AfricaSwazi
0%

Score Distribution

Percentile by Number Answered

Percent of People with Each Score

Your Score History

You have not taken this quiz since the last reset